Science Quiz

Random Science or Anatomy Quiz

The Human Bunker Quiz Stats

 Plays Quiz Updated Sep 24, 2016

Challenge
Share
Tweet
Embed
Score 0/15 Timer 04:00
2,326 Plays Today
Question Answer % Correct
????
100%
????
93.2%
????
90.2%
????
84.3%
????
75.3%
????
66.2%
????
50.5%
????
36.9%
Question Answer % Correct
????
29.3%
????
27.8%
????
18.4%
????
13.1%
????
7.6%
????
4.8%
????
3.1%

You're not logged in!

Compare scores with friends on all Sporcle quizzes.
OR
Log In

You Might Also Like...

Show Comments

Extras

Top Quizzes Today


Score Distribution

Your Account Isn't Verified!

In order to create a playlist on Sporcle, you need to verify the email address you used during registration. Go to your Sporcle Settings to finish the process.

Report this User

Report this user for behavior that violates our Community Guidelines.

Details: